[Event "CRO Cup"]
[Site "Mali Losinj"]
[Date "2025.05.18"]
[Round "6.4"]
[White "Kresic, Vid"]
[Black "Colev, Ivor"]
[Result "0-1"]
[WhiteElo "1962"]
[BlackElo "2143"]
[PlyCount "100"]
[EventDate "2025.05.14"]
[EventType "team-tourn"]
[EventRounds "6"]
[EventCountry "CRO"]
[SourceTitle "CB21_2025"]
[SourceDate "2025.05.21"]
[SourceVersion "1"]
[SourceVersionDate "2025.05.21"]
[SourceQuality "1"]
[WhiteTeam "Crikvenica"]
[BlackTeam "Strigova Stridon"]
[WhiteTeamCountry "CRO"]
[BlackTeamCountry "CRO"]

1. d4 Nf6 2. Bg5 d5 3. Bxf6 exf6 4. e3 Bd6 5. Bd3 0-0 6. Nd2 c6 7. Qf3 g6 8. g4 Be6 9. Ne2 Re8 10. 0-0-0 a5 11. h4 Na6 12. c3 b5 13. Nf4 Bf8 14. Nxe6 fxe6 15. g5 f5 16. Rdg1 Bg7 17. h5 Qd6 18. Qh3 Kf7 19. f4 Nb8 20. Nf3 Nd7 21. Nh4 Rh8 22. Nf3 Rab8 23. Qf1 b4 24. c4 c5 25. Ne5+ Nxe5 26. dxe5 Qc6 27. Qf3 Rhd8 28. Rd1 Qa4 29. cxd5 exd5 30. Bb1 Qc6 31. Rh2 c4 32. hxg6+ hxg6 33. Rc2 a4 34. Rd4 Qb5 35. Rcd2 c3 36. R2d3 b3 37. axb3 Qxb3 38. Qg2 Rdc8 39. Qxd5+ Qxd5 40. Rxd5 cxb2+ 41. Kd2 Rc1 42. Rd7+ Kf8 43. e6 Rxb1 44. e7+ Kf7 45. Rd8 Rd1+ 46. Ke2 Kxe7 47. Rxb8 Rxd3 48. Kxd3 a3 49. Kc2 a2 50. Rb7+ Kd8 0-1

[Event "Bosnjaci op 29th"]
[Site "Bosnjaci"]
[Date "2025.01.06"]
[Round "5"]
[White "Colev, Ivor"]
[Black "Petricevic, Mateo"]
[Result "0-1"]
[WhiteElo "2169"]
[BlackElo "2060"]
[PlyCount "54"]
[EventDate "2025.01.03"]
[EventType "swiss"]
[EventRounds "9"]
[EventCountry "CRO"]
[SourceTitle "CB03_2025"]
[SourceDate "2025.01.15"]
[SourceVersion "1"]
[SourceVersionDate "2025.01.15"]
[SourceQuality "1"]

1. e4 e6 2. d4 d5 3. Nc3 h6 4. Nf3 Nf6 5. e5 Nfd7 6. Be3 c5 7. dxc5 Nc6 8. Bb5 Nxc5 9. Nd4 Qc7 10. 0-0 a6 11. Bxc6+ bxc6 12. f4 g6 13. b4 Nd7 14. a3 c5 15. bxc5 Bxc5 16. Qd3 Nb6 17. Nb3 Be7 18. a4 Nc4 19. Bd4 Bd7 20. Rae1 Bc6 21. g4 Rg8 22. Kh1 Nb2 23. Qh3 Nxa4 24. f5 Nxc3 25. Qxc3 Qd7 26. f6 Bf8 27. Bc5 d4+ 0-1

[Event "CRO-ch U17"]
[Site "Split"]
[Date "2024.07.28"]
[Round "9"]
[White "Colev, Ivor"]
[Black "Sosic, Zvan"]
[Result "1-0"]
[WhiteElo "2131"]
[BlackElo "1893"]
[PlyCount "37"]
[EventDate "2024.07.22"]
[EventType "swiss"]
[EventRounds "9"]
[EventCountry "CRO"]
[SourceTitle "CBM 221 Extra"]
[Source "ChessBase"]
[SourceDate "2024.09.30"]
[SourceVersion "1"]
[SourceVersionDate "2024.09.30"]
[SourceQuality "1"]

1. e4 c5 2. Nf3 d6 3. d4 cxd4 4. Nxd4 Nf6 5. Nc3 a6 6. Bg5 e6 7. Qe2 Be7 8. h4 b5 9. a3 Bb7 10. 0-0-0 Nbd7 11. f4 Rc8 12. Rh3 Qc7 13. g4 h6 14. Bxf6 gxf6 15. g5 hxg5 16. hxg5 Rxh3 17. Bxh3 fxg5 18. Bxe6 Nb6 19. Bxf7+ 1-0

[Event "CRO-ch U17"]
[Site "Split"]
[Date "2024.07.25"]
[Round "5"]
[White "Colev, Ivor"]
[Black "Horcicka, Jan"]
[Result "1-0"]
[WhiteElo "2131"]
[BlackElo "2144"]
[PlyCount "117"]
[EventDate "2024.07.22"]
[EventType "swiss"]
[EventRounds "9"]
[EventCountry "CRO"]
[SourceTitle "CBM 221 Extra"]
[Source "ChessBase"]
[SourceDate "2024.09.30"]
[SourceVersion "1"]
[SourceVersionDate "2024.09.30"]
[SourceQuality "1"]

1. e4 e5 2. Nf3 Nc6 3. Bb5 a6 4. Ba4 Nf6 5. d3 d6 6. c3 g6 7. 0-0 Bg7 8. h3 0-0 9. Re1 b5 10. Bc2 h6 11. Nbd2 Bb7 12. Nf1 Nb8 13. d4 Nbd7 14. d5 Qe7 15. b3 Rfd8 16. g4 c6 17. c4 bxc4 18. bxc4 cxd5 19. cxd5 Nc5 20. Ng3 Qd7 21. Be3 Ne8 22. Nd2 a5 23. Nc4 Qb5 24. Nd2 Qd7 25. Nb3 Nxb3 26. axb3 Qc7 27. Qd2 Kh7 28. Rec1 Rdb8 29. Ra2 Bc8 30. Rca1 Rb5 31. Ra4 Nf6 32. b4 Nd7 33. Bd3 Rbb8 34. Rxa5 Rxa5 35. Rxa5 Bf8 36. Ne2 h5 37. gxh5 gxh5 38. Ng3 Qd8 39. Nf5 Nf6 40. Ra7 Bxf5 41. exf5 Be7 42. Kh2 Kh8 43. Be2 Ne4 44. Qe1 Bg5 45. Bxh5 Rc8 46. Bd1 Qf6 47. Bg4 Rc2 48. Bxg5 Nxg5 49. b5 e4 50. b6 Qe5+ 51. Kg1 Qb2 52. b7 Kg7 53. Qe3 Kf6 54. b8Q Nf3+ 55. Bxf3 Qxb8 56. Qd4+ Kg5 57. Qg7+ Kf4 58. Qg3+ Kxf5 59. Rxf7# 1-0

[Event "CRO-ch U17"]
[Site "Split"]
[Date "2024.07.25"]
[Round "6"]
[White "Colev, Ivor"]
[Black "Sundac, Ivano"]
[Result "1/2-1/2"]
[WhiteElo "2131"]
[BlackElo "2153"]
[PlyCount "46"]
[EventDate "2024.07.22"]
[EventType "swiss"]
[EventRounds "9"]
[EventCountry "CRO"]
[SourceTitle "CBM 221 Extra"]
[Source "ChessBase"]
[SourceDate "2024.09.30"]
[SourceVersion "1"]
[SourceVersionDate "2024.09.30"]
[SourceQuality "1"]

1. e4 c5 2. Nf3 a6 3. c4 Nc6 4. Nc3 e5 5. g3 d6 6. Bg2 g6 7. d3 Bg7 8. Bg5 f6 9. Be3 Nge7 10. Qd2 Nd4 11. 0-0 Bg4 12. Ne1 Qd7 13. f3 Bh3 14. Bxh3 Qxh3 15. Qg2 Qd7 16. Bxd4 cxd4 17. Nd5 Nxd5 18. exd5 0-0 19. Nc2 f5 20. Rfe1 Rfe8 21. Kh1 Re7 22. Re2 Rae8 23. Rae1 h6 1/2-1/2

[Event "Belgrade Serbia op"]
[Site "Belgrade"]
[Date "2024.07.16"]
[Round "5"]
[White "Colev, Ivor"]
[Black "Ciolek, Andreas"]
[Result "0-1"]
[WhiteElo "2131"]
[BlackElo "2277"]
[PlyCount "88"]
[EventDate "2024.07.12"]
[EventType "swiss"]
[EventRounds "9"]
[EventCountry "SRB"]
[SourceTitle "CBM 221 Extra"]
[Source "ChessBase"]
[SourceDate "2024.09.30"]
[SourceVersion "1"]
[SourceVersionDate "2024.09.30"]
[SourceQuality "1"]

1. e4 e5 2. Nf3 Nc6 3. Bb5 a6 4. Ba4 Nf6 5. d3 d6 6. c3 g6 7. 0-0 Bg7 8. h3 0-0 9. Re1 h6 10. d4 Bd7 11. Bc2 Re8 12. Nbd2 Nh7 13. Nf1 f5 14. exf5 gxf5 15. dxe5 dxe5 16. Ng3 e4 17. Nh4 Ne7 18. Bb3+ Kh8 19. Nh5 Bb5 20. Nf4 Nf6 21. Ne6 Qxd1 22. Rxd1 Rac8 23. Bf4 Nh5 24. Bxc7 Bf6 25. g3 Bxh4 26. gxh4 Ng6 27. Bd6 Bc4 28. Nd4 Nxh4 29. Bxc4 Rxc4 30. Kf1 f4 31. Re1 Rcc8 32. Re2 Rcd8 33. Bc5 Rd5 34. Bb6 f3 35. Rd2 Rg5 36. Rdd1 Nf4 37. Nc2 Nd3 38. Bc7 Reg8 39. Bg3 Nf5 40. Ne1 Rxg3 41. fxg3 Ne3+ 42. Kg1 Rxg3+ 43. Kh2 Nf1+ 44. Kh1 Nf2# 0-1

[Event "Belgrade Serbia op"]
[Site "Belgrade"]
[Date "2024.07.14"]
[Round "3"]
[White "Colev, Ivor"]
[Black "Koudounis, Vasileios"]
[Result "1-0"]
[WhiteElo "2131"]
[BlackElo "2217"]
[PlyCount "45"]
[EventDate "2024.07.12"]
[EventType "swiss"]
[EventRounds "9"]
[EventCountry "SRB"]
[SourceTitle "CBM 221 Extra"]
[Source "ChessBase"]
[SourceDate "2024.09.30"]
[SourceVersion "1"]
[SourceVersionDate "2024.09.30"]
[SourceQuality "1"]

1. e4 e6 2. d4 d5 3. Nc3 Nf6 4. Bg5 dxe4 5. Nxe4 Nbd7 6. Nf3 h6 7. Nxf6+ Nxf6 8. Bh4 c5 9. Bc4 cxd4 10. 0-0 Bc5 11. Qe2 0-0 12. Rad1 Qb6 13. Bxf6 gxf6 14. Rd3 Rd8 15. Nh4 Kh7 16. Qh5 Qc7 17. Nf5 exf5 18. Bxf7 Rg8 19. Bxg8+ Kxg8 20. Qe8+ Bf8 21. Rg3+ Qxg3 22. hxg3 b6 23. Re1 1-0

[Event "Belgrade Serbia op"]
[Site "Belgrade"]
[Date "2024.07.13"]
[Round "2"]
[White "Orujov, Farid"]
[Black "Colev, Ivor"]
[Result "1-0"]
[WhiteElo "2243"]
[BlackElo "2131"]
[PlyCount "55"]
[EventDate "2024.07.12"]
[EventType "swiss"]
[EventRounds "9"]
[EventCountry "SRB"]
[SourceTitle "CBM 221 Extra"]
[Source "ChessBase"]
[SourceDate "2024.09.30"]
[SourceVersion "1"]
[SourceVersionDate "2024.09.30"]
[SourceQuality "1"]

1. e4 c5 2. Nf3 d6 3. d4 cxd4 4. Nxd4 Nf6 5. Nc3 a6 6. h3 e6 7. g4 h6 8. f4 b5 9. Bg2 Bb7 10. a3 Nbd7 11. Qe2 Rc8 12. Bd2 Rc4 13. Nb3 Qc7 14. 0-0-0 Be7 15. h4 Nc5 16. Nxc5 Rxc5 17. g5 Nd7 18. Bh3 Nb6 19. gxh6 gxh6 20. f5 exf5 21. Bxf5 Nc4 22. Nd5 Bxd5 23. exd5 Kd8 24. Bc3 Ne5 25. Bxe5 dxe5 26. b4 Bd6 27. bxc5 Qxc5 28. Rd3 1-0

[Event "HUN-chT1 Charousek 2324"]
[Site "Hungary"]
[Date "2023.10.29"]
[Round "3.11"]
[White "Colev, Ivor"]
[Black "Kaloczi, Kristof"]
[Result "0-1"]
[WhiteElo "2045"]
[BlackElo "2086"]
[PlyCount "84"]
[EventDate "2023.10.08"]
[EventType "team-tourn"]
[EventRounds "11"]
[EventCountry "HUN"]
[SourceTitle "EXT 2025"]
[Source "ChessBase"]
[SourceDate "2024.10.14"]
[SourceVersion "1"]
[SourceVersionDate "2024.10.14"]
[SourceQuality "1"]
[WhiteTeam "Haladas Szombathely II"]
[BlackTeam "Budapest MTK"]
[WhiteTeamCountry "HUN"]
[BlackTeamCountry "HUN"]

1. e4 b6 2. d4 Bb7 3. Bd3 e6 4. Nf3 d5 5. e5 Ba6 6. h4 Bxd3 7. Qxd3 h6 8. h5 c5 9. c3 Nc6 10. a3 c4 11. Qe2 Na5 12. Nbd2 Qd7 13. Rh3 Ne7 14. Nh4 0-0-0 15. Rf3 Nec6 16. Rf4 Qe8 17. Rb1 Kb8 18. Nf1 Be7 19. Rg4 Rg8 20. f4 g6 21. g3 gxh5 22. Rxg8 Qxg8 23. Qxh5 Bxh4 24. gxh4 Qh7 25. f5 Ne7 26. Ne3 exf5 27. e6 fxe6 28. Ng2 Qg7 29. Kf2 Rg8 30. Bf4+ Kb7 31. Ne3 Nb3 32. Rd1 Ng6 33. Bxh6 Qh7 34. Rg1 Nf4 35. Qf3 Nd3+ 36. Kf1 Rxg1+ 37. Kxg1 Qxh6 38. Nxc4 Ne1 39. Nd6+ Kc6 40. Qg3 Qxh4 41. Nxf5 Qxg3+ 42. Nxg3 Nd3 0-1

[Event "CRO-chT1B 31st"]
[Site "Veli Losinj"]
[Date "2023.10.16"]
[Round "6.1"]
[White "Colev, Ivor"]
[Black "Vargic, Drago"]
[Result "0-1"]
[WhiteElo "2045"]
[BlackElo "2226"]
[PlyCount "84"]
[EventDate "2023.10.11"]
[EventType "team-tourn"]
[EventRounds "9"]
[EventCountry "CRO"]
[SourceTitle "EXT 2025"]
[Source "ChessBase"]
[SourceDate "2024.10.14"]
[SourceVersion "1"]
[SourceVersionDate "2024.10.14"]
[SourceQuality "1"]
[WhiteTeam "Strigova Stridon"]
[BlackTeam "Djakovo Djakovo"]
[WhiteTeamCountry "CRO"]
[BlackTeamCountry "CRO"]

1. e4 e6 2. d4 d5 3. Nc3 Nf6 4. Bg5 dxe4 5. Nxe4 Be7 6. Bxf6 gxf6 7. Nf3 a6 8. g3 b5 9. Bg2 Bb7 10. Qe2 Nd7 11. 0-0 c5 12. Rad1 Qc7 13. d5 Bxd5 14. Rxd5 exd5 15. Nc3 Nb6 16. Re1 d4 17. Nh4 Ra7 18. Nd5 Nxd5 19. Bxd5 Kd8 20. Bxf7 Rf8 21. Be6 Bd6 22. Qh5 c4 23. Qg4 Qc5 24. Rd1 Re8 25. Nf3 Rae7 26. Nxd4 Kc7 27. c3 Kb6 28. Kg2 h5 29. Qh3 Be5 30. a3 Rxe6 31. Nxe6 Qc6+ 32. Kg1 Qxe6 33. Qxh5 Re7 34. Re1 Qd5 35. Rd1 Qc6 36. Qf5 Re6 37. Rd8 Bc7 38. Rd1 Re2 39. h4 Bxg3 40. Qg4 Bxf2+ 41. Kf1 Rxb2 42. Qh3 Bc5 0-1